000 00615nam a22002057a 4500
005 20251108164839.0
008 250721s1997 xx 000 0 ara d
082 1 4 _a813.909563/خال
100 1 _aالمصري، خالد
245 1 0 _aحركة المجتمع و تحولات النص /
264 1 _aدمشق :
_bدار المدى للثقافة و النشر،
_c1997.
300 _a190ص
490 0 _aدراسات
650 1 7 _aالقصص العربية
650 1 7 _aالتاريخ الأدبي
650 1 7 _aالنقد الأدبي
650 1 7 _aالعراق
942 _2ddc
_cBK
999 _c15784
_d15784